|
|
|
|
| LEADER |
00000nab a2200000 a 4500 |
| 001 |
vtls009088557 |
| 003 |
SK-MaSNL |
| 005 |
20260304152134.0 |
| 008 |
250506c2007 xo |||||||||||000 b|slo |
| 015 |
|
|
|a SNBRB2007/08
|2 snkbucl
|
| 035 |
|
|
|a (uuid)1ec6f24b-6eb5-407a-9501-d48f70c99863
|
| 035 |
|
|
|a urn:nbn:sk:snk-ab1vm6
|
| 035 |
|
|
|a (urnnbn)urn:nbn:sk:snk:ar-a012cu
|
| 038 |
|
|
|a SNKBUCL
|
| 040 |
|
|
|a SNKBUCL
|b slo
|c SNKBUCL
|e AACR2
|
| 041 |
0 |
|
|a slo
|
| 044 |
|
|
|a xo
|c SK
|
| 080 |
|
|
|a 631.372:629.3.042
|2 1997
|
| 080 |
|
|
|a 629.366.014.2:629.3.042
|2 1997
|
| 080 |
|
|
|a 629.3.042
|2 1997
|
| 100 |
1 |
|
|a Karkulín, David
|4 aut
|9 92259
|
| 245 |
1 |
0 |
|a Porovnanie kabín traktorov
|b Claas, Deutz-Fahr, John Deere, MF, McCormick, New Holland a Valtra
|c z www. profi.com preložil a upravil David Karkulín
|
| 300 |
|
|
|b Fotogr., tab.
|
| 650 |
0 |
7 |
|a traktory
|2 snkbucl
|9 26007
|
| 650 |
0 |
7 |
|a kabíny
|2 snkbucl
|9 51042
|
| 650 |
0 |
7 |
|a testovanie
|2 snkbucl
|9 277941
|
| 773 |
0 |
|
|t Moderná mechanizácia v poľnohospodárstve
|g Roč. X, č. 7 (2007), s. 44-48
|x 1335-6178
|
| 850 |
|
|
|a Slovenská národná knižnica
|
| 852 |
|
|
|a Slovenská národná knižnica
|
| 954 |
|
|
|a odborná, vedecká literatúra pôvodná (slovenská)
|2 lita
|
| 958 |
|
|
|a article27
|
| 958 |
|
|
|a OND
|
| 958 |
|
|
|a EUIPO
|
| 999 |
|
|
|c 2947413
|d 2949343
|